000 00834nam a2200253Ia 4500
003 OSt
005 20221005112528.0
006 a|||||r|||| 00| 0
007 ta
008 221004b |||||||| |||| 00| 0 pan d
020 _a8171421970 (hbk)
_c125
024 _a106480
037 _b505, 02/02/2011, H.K. Prakashan
_cTextual
040 _aCRL
_cCRL
_bpan
041 _2pan
_apan
082 _aO153,3NANx, P7
100 _aਸਿੰਘ, ਅਨੇਮਨ
245 0 _aਗਲੀ ਨੰਬਰ ਕੋਈ ਨਹੀ੍ਵ
260 _aਚੰਡੀਗੜ
_bਲੋਕਗੀਤ ਭਾਰਤ
_c2007
300 _a99ਪੰ
_ccm.
650 _aਪੰਜਾਬੀ ਸਾਹਿਤ
942 _hO153,3NANx, P7
_cTEXL
_2cc
999 _c1025166
_d1025166